000 01406nam a22003494a 4500
001 ebr10185695
003 CaPaEBR
006 m u
007 cr cn|||||||||
008 010731s2002 txu sb s001 0 eng
020 _z0292709056 (alk. paper)
020 _z0292709080 (alk. paper)
040 _aCaPaEBR
_cCaPaEBR
035 _a(OCoLC)228173749
043 _an-mx---
050 1 4 _aHV5283.M62
_bM483 2002eb
082 0 4 _a362.292/86/092
_aB
_221
100 1 _aBrandes, Stanley H.
245 1 0 _aStaying sober in Mexico City
_h[electronic resource] /
_cStanley Brandes.
250 _a1st ed.
260 _aAustin :
_bUniversity of Texas Press,
_c2002.
300 _axviii, 239 p.
504 _aIncludes bibliographical references (p. [211]-229) and index.
533 _aElectronic reproduction.
_bPalo Alto, Calif. :
_cebrary,
_d2013.
_nAvailable via World Wide Web.
_nAccess may be limited to ebrary affiliated libraries.
610 2 0 _aAlcoholics Anonymous
_vCase studies.
650 0 _aTwelve-step programs
_zMexico
_zMexico City
_xSociological aspects.
650 0 _aAlcoholics
_xRehabilitation
_zMexico
_zMexico City.
650 0 _aRecovering alcoholics
_zMexico
_zMexico City.
655 7 _aElectronic books.
_2local
710 2 _aebrary, Inc.
856 4 0 _uhttp://site.ebrary.com/lib/rucke/Doc?id=10185695
_zAn electronic book accessible through the World Wide Web; click to view
999 _c232451
_d232451